000
00308nam a22001337a 4500
008
171130b xxu||||| |||| 00| 0 eng d
020
_a
9780787660598
041
_a
eng
080
_a
32
100
_a
19
101
_a
POL
245
_a
PROFILE OF THE NATION AN AMERICAN PORTRAIT
_c
FERRO,J
942
_2
udc
_c
BK
999
_c
38645
_d
38645